00218nam a2200073Ia 450000500170000000800410001708200200005824500660007820251222153555.0251222s9999||||xx |||||||||||||| ||spa|| aREF.036/G82/T.3 0aEnciclopedia de conocimientos: El nuevo tesoro de la juventud